Ładuje się......

NEERU-MEERU PROGRAMME OF WATER CONSERVATION MISSION, ANDHRA PRADESH

Opis bibliograficzny
1. autor: AN IL PUNETHA
Format: Journal Article
Wydane: SDR: SPATIO-ECONOMIC DEVELOPMENT RECORD 2004
LEADER 00415nam a22001097a 4500
999 |c 120551  |d 120551 
100 |a AN IL PUNETHA  |9 48073 
245 |a NEERU-MEERU PROGRAMME OF WATER CONSERVATION MISSION, ANDHRA PRADESH 
260 |b SDR: SPATIO-ECONOMIC DEVELOPMENT RECORD  |c 2004 
300 |a p.15-24  |b VOL.11 (1), JANUARY - FEBRUARY, 2004 
942 |c JA 
952 |0 0  |1 0  |4 0  |7 0  |9 117304  |a MGUL  |b MGUL  |c JA  |d 2016-12-22  |l 0  |r 2016-12-22  |w 2016-12-22  |y JA